| 000 | 00486 a2200193 4500 | ||
|---|---|---|---|
| 005 | 20260116162405.0 | ||
| 008 | 260115b |||||||| |||| 00| 0 eng d | ||
| 020 |
_a9789357986038 _cRs. 3995.00 |
||
| 040 | _aMAIN | ||
| 082 |
_a813.4 _bA19L |
||
| 100 | _aAlcott, Louisa May | ||
| 245 | _aLittle women | ||
| 260 |
_bLector House LLP _c2023 _aBurari |
||
| 300 | _avii,414 | ||
| 650 | _aLiterature | ||
| 650 | _aAmerical Literature | ||
| 650 | _aAmerican-Fiction | ||
| 942 | _cBK | ||
| 999 |
_c395140 _d395140 |
||